Transporte y suelo urbano
Tallennettuna:
| Päätekijä: | |
|---|---|
| Aineistotyyppi: | Kirja |
| Kieli: | espanja |
| Julkaistu: |
Barcelona
Oikos-Tau
1972
|
| Sarja: | Urbanismo
|
| Aiheet: | |
| Tagit: |
Lisää tagi
Ei tageja, Lisää ensimmäinen tagi!
|
MARC
| LEADER | 00000nam a2200000 a 4500 | ||
|---|---|---|---|
| 001 | UCU6465 | ||
| 003 | CL-VaPUC | ||
| 008 | 960621e19720000SP |||||||||||||||||spa|d | ||
| 082 | 0 | 4 | |a 388.4 |b WIN |2 21 |
| 100 | 0 | |a Wingo, Lowdon |e author |9 364653 | |
| 245 | 1 | 0 | |a Transporte y suelo urbano |
| 300 | |a 142 p | ||
| 942 | |c BK | ||
| 945 | |d 19960621 00:00:00 |a cmena | ||
| 260 | |a Barcelona |b Oikos-Tau |c 1972 | ||
| 650 | 0 | |a Transporte urbano |9 260307 | |
| 650 | 0 | |a Transporte público |9 348060 | |
| 650 | 7 | |a SERVICIOS DE TRANSPORTE |2 CL-VaPUC |9 358013 | |
| 650 | 0 | |a Servicios públicos |9 328528 | |
| 650 | 7 | |a POLITICA DE TRANSPORTES |2 CL-VaPUC |9 358677 | |
| 583 | |a last modification |c 19960621 00:00:00 |k Rodrigo Vera | ||
| 490 | 0 | |a Urbanismo | |
| 999 | |c 249365 |d 249363 | ||
| 952 | |0 0 |1 0 |4 0 |6 388_400000000000000_WIN_1972 |7 0 |8 A |9 266594 |a BIBING |b BIBING |d 2019-11-19 |i 1688049 |o 388.4 WIN 1972 |p 1688049 |r 2025-01-20 |w 2019-11-19 |y BK |k GEO | ||